| 000 | 01902cam a2200241 4500 | ||
|---|---|---|---|
| 001 | L136916 | ||
| 008 | 070302n2007 000 0 eng u | ||
| 020 | _a9780755964741 | ||
| 022 | _a02641143 | ||
| 035 | _a(Sirsi) u136916 | ||
| 041 | 0 | _aeng | |
| 050 | _a333.33 $2 18 | ||
| 110 | 2 |
_aScotland _bScottish Executive _94769 |
|
| 245 | 0 | 0 |
_aHousing trends in Scotland _bquarter ending 30 September 2006 _h[electronic resource] |
| 260 |
_aEdinburgh _bScottish Executive _c2007 |
||
| 505 | 2 | _aNew house building -- Sales of social sector dwellings -- Local authority lettings and evictions -- Rent registration. | |
| 520 | _aPresents data on housing activity in Scotland for July to September 2006. Includes information on public sector house sales, new house building, and local authority lettings and evictions. The main points to emerge from the bulletin are: new house building - 6408 new dwellings were started during the period July to September 2006, 1080 (20%) more than during the same period in the previous year. 6248 dwellings were completed, 395 (7%) more than during the same period in 2005; sales of social sector dwellings - a total of 1968 public authority dwellings were sold to sitting tenants in the period July to September 2006, a decrease of 441 (18%) on the same period in 2005; lettings and evictions - during the quarter July to September 2006, there were 7796 permanent lettings of local authority dwellings, 42 (0.5%) less than during the same quarter in the previous year. There were 247 evictions of local authority tenants this quarter, 32 (15%) more than during July to September 2005. | ||
| 590 | _aKA | ||
| 651 | 4 |
_aScotland _y1999- |
|
| 690 | _aPROPERTY-RESIDENTIAL PROPERTY-RESIDENTIAL PROPERTY MARKET | ||
| 856 | 4 | 0 |
_uhttps://www.scotland.gov.uk/Publications/2007/02/23145056/0 _zView the publication free of charge online at www.scotland.gov.uk... |
| 942 | _n0 | ||
| 999 |
_c106548 _d106548 |
||